[Event "Women's World Teams 2015"]
[Site "Chengdu CHN"]
[Date "2015.04.25"]
[Round "6.5"]
[Board "3"]
[White "Ni, Viktorija"]
[Black "Arabidze, Meri"]
[Result "0-1"]
[WhiteTitle "WIM"]
[BlackTitle "IM"]
[WhiteElo "2188"]
[BlackElo "2374"]
[WhiteTeam "UNITED STATES OF AMERICA"]
[BlackTeam "GEORGIA"]
[WhiteFideId "11602252"]
[BlackFideId "13604040"]
[EventDate "2015.04.19"]

1. d4 Nf6 2. c4 e6 3. Nf3 Bb4+ 4. Bd2 Qe7 5. g3 Bxd2+ 6. Qxd2 Nc6 7. Nc3 d5 8.
Bg2 dxc4 9. Ne5 O-O 10. O-O Nxe5 11. dxe5 Nd7 12. Qd4 Qc5 13. Qxc5 Nxc5 14. Nb5
Rb8 15. Rac1 Bd7 16. Nd4 b5 17. b3 Rfd8 18. Bf3 Kf8 19. Rfd1 a6 20. h3 Be8 21.
bxc4 b4 22. Nb3 Nd7 23. Na5 Nxe5 24. Bg2 g5 25. Rb1 Rxd1+ 26. Rxd1 Ba4 27. Rd4
Kg7 28. f4 gxf4 29. gxf4 Ng6 30. Nb7 b3 31. axb3 Bxb3 32. Na5 Ba4 33. c5 Rb1+
34. Kf2 Bb5 35. c6 Rb2 36. Bf3 Ra2 37. Nb3 Nh4 38. Nc1 Nxf3 39. Kxf3 Rc2 40. Nd3
Bxc6+ 41. Ke3 Bb5 42. Rd8 a5 43. Rb8 c6 44. Rb7 Bxd3 45. Kxd3 Rc5 46. Rc7 Rh5
47. e4 Rxh3+ 48. Kd4 a4 49. Rxc6 a3 50. Ke5 Rb3 51. Ra6 h5 52. f5 exf5 53. exf5
h4 54. Ra4 f6+ 55. Kf4 h3 56. Ra7+ Kf8 0-1

[Event "Women's World Teams 2015"]
[Site "Chengdu CHN"]
[Date "2015.04.25"]
[Round "6.5"]
[Board "4"]
[White "Batsiashvili, Nino"]
[Black "Melekhina, Alisa"]
[Result "1/2-1/2"]
[WhiteTitle "IM"]
[BlackTitle "FM"]
[WhiteElo "2475"]
[BlackElo "2235"]
[WhiteTeam "GEORGIA"]
[BlackTeam "UNITED STATES OF AMERICA"]
[WhiteFideId "13602993"]
[BlackFideId "2022613"]
[EventDate "2015.04.19"]

1. d4 Nf6 2. c4 c5 3. d5 b5 4. cxb5 a6 5. bxa6 g6 6. Nc3 Bxa6 7. g3 d6 8. Bg2
Bg7 9. Nf3 Nbd7 10. Rb1 O-O 11. O-O Qa5 12. Bd2 Bb7 13. Qc2 Qa6 14. e4 Ng4 15.
Rfd1 Rfc8 16. Bh3 h5 17. Bf1 Qb6 18. Bg5 Kf8 19. h3 Nge5 20. Nd2 Ba6 21. Be3
Bxf1 22. Rxf1 Qa6 23. b3 Qd3 24. Rbc1 Qxc2 25. Rxc2 Nd3 26. a4 Nb4 27. Rcc1 Nd3
28. Rc2 Nb4 29. Rcc1 Nd3 30. Rc2 1/2-1/2

[Event "Women's World Teams 2015"]
[Site "Chengdu CHN"]
[Date "2015.04.26"]
[Round "7.1"]
[Board "1"]
[White "Khotenashvili, Bela"]
[Black "Koneru, Humpy"]
[Result "1/2-1/2"]
[WhiteTitle "GM"]
[BlackTitle "GM"]
[WhiteElo "2513"]
[BlackElo "2581"]
[WhiteTeam "GEORGIA"]
[BlackTeam "INDIA"]
[WhiteFideId "13602640"]
[BlackFideId "5008123"]
[EventDate "2015.04.19"]

1. d4 Nf6 2. c4 e6 3. Nf3 Bb4+ 4. Nbd2 b6 5. a3 Bxd2+ 6. Qxd2 O-O 7. e3 Ba6 8.
Be2 d5 9. b3 c5 10. dxc5 dxc4 11. bxc4 bxc5 12. Qc2 Nbd7 13. Bb2 Bb7 14. Bd3 Qc7
15. O-O Rab8 16. Rab1 Bc6 17. Bc3 h6 18. Rfd1 Rxb1 19. Rxb1 Rb8 20. Rxb8+ Qxb8
21. Nd2 Ng4 22. Nf1 Nge5 23. Be2 Nb6 24. Ba1 Ned7 25. Ng3 Nf6 26. f4 Nbd7 27.
Bd3 Qd6 28. Qc3 Kf8 29. Nf1 Ke7 30. h3 Bb7 31. Nd2 g5 32. fxg5 hxg5 33. Nf1 Be4
34. Bc2 Qc6 35. Qd2 Bxc2 36. Bxf6+ Nxf6 37. Qxc2 Qe4 38. Qa4 Qb7 39. Nd2 a6 40.
Qa5 1/2-1/2

[Event "Women's World Teams 2015"]
[Site "Chengdu CHN"]
[Date "2015.04.26"]
[Round "7.1"]
[Board "2"]
[White "Harika, Dronavalli"]
[Black "Javakhishvili, Lela"]
[Result "1/2-1/2"]
[WhiteTitle "GM"]
[BlackTitle "IM"]
[WhiteElo "2492"]
[BlackElo "2481"]
[WhiteTeam "INDIA"]
[BlackTeam "GEORGIA"]
[WhiteFideId "5015197"]
[BlackFideId "13601458"]
[EventDate "2015.04.19"]

1. d4 Nf6 2. c4 e6 3. Nc3 Bb4 4. Nf3 b6 5. e3 Ne4 6. Qc2 Bb7 7. Bd3 f5 8. O-O
Bxc3 9. bxc3 O-O 10. c5 Ng5 11. Nxg5 Qxg5 12. f3 Nc6 13. Rb1 Rab8 14. cxb6 cxb6
15. c4 Rfc8 16. Qe2 Qf6 17. Ba3 f4 18. Bb2 Nb4 19. d5 Qf7 20. Be5 Nxd3 21. Bxb8
exd5 22. Qxd3 Rxb8 23. cxd5 Bxd5 24. exf4 Bxa2 25. Ra1 a5 26. Qd6 Ra8 27. Qxb6
a4 28. Rfe1 Bb3 29. Qd6 Qd5 30. Red1 Qa5 31. Rd3 Bc4 32. Re3 Qa7 33. Qd2 d5 34.
Kh1 Qc5 35. h3 a3 36. Qe1 a2 37. Re8+ Rxe8 38. Qxe8+ Qf8 39. Qe6+ Qf7 40. Qc8+
Qf8 41. Qe6+ Qf7 42. Qe5 Qd7 43. Qd4 Qf5 44. Kh2 Qb1 45. Qe5 g6 46. g4 Qb6 47.
Kg3 d4 48. Qe8+ Kg7 49. Qe5+ Kg8 50. Rc1 Kf7 51. Re1 Qd8 52. Qc5 Be6 53. Qa7+
Qd7 54. Qxd7+ Bxd7 55. Ra1 Be6 56. f5 gxf5 57. Kf4 fxg4 58. fxg4 Kf6 59. h4 d3
60. Ke3 Bxg4 61. Rxa2 Be2 62. Ra6+ Kg7 63. Rd6 h5 64. Kf4 Kf7 65. Ke5 Ke7 66.
Rd4 Kf7 67. Rd7+ Ke8 68. Rd5 Kf7 69. Rd6 Ke7 70. Rd4 Kf7 71. Rd7+ Ke8 72. Rd5
Kf7 73. Rd4 Ke7 74. Rd6 Kf7 75. Rd4 Ke7 76. Kf5 Bg4+ 77. Kf4 Be2 78. Ke5 Kf7 79.
Kf5 Ke7 80. Ke4 1/2-1/2

[Event "Women's World Teams 2015"]
[Site "Chengdu CHN"]
[Date "2015.04.26"]
[Round "7.1"]
[Board "4"]
[White "Soumya, Swaminathan"]
[Black "Melia, Salome"]
[Result "1/2-1/2"]
[WhiteTitle "WGM"]
[BlackTitle "IM"]
[WhiteElo "2366"]
[BlackElo "2459"]
[WhiteTeam "INDIA"]
[BlackTeam "GEORGIA"]
[WhiteFideId "5016193"]
[BlackFideId "13602446"]
[EventDate "2015.04.19"]

1. e4 c6 2. d4 d5 3. Nc3 dxe4 4. Nxe4 Bf5 5. Ng3 Bg6 6. h4 h6 7. Nf3 Nd7 8. h5
Bh7 9. Bd3 Bxd3 10. Qxd3 e6 11. Bd2 Ngf6 12. O-O-O Be7 13. Kb1 O-O 14. Ne4 Nxe4
15. Qxe4 Nf6 16. Qe2 Qd5 17. Be3 Qb5 18. c4 Qf5+ 19. Ka1 c5 20. Ne5 cxd4 21.
Bxd4 Rfd8 22. a3 Qe4 23. Qxe4 Nxe4 24. Rhe1 Nc5 25. Ka2 Nd7 26. Nxd7 Rxd7 27.
Be3 Rc7 28. b3 Kf8 29. Re2 Ke8 30. Red2 a6 31. Kb2 Bf6+ 32. Bd4 Ke7 33. f4 b5
34. Bxf6+ gxf6 35. cxb5 axb5 36. Rd6 Rg8 37. Rb6 Rxg2+ 38. Kb1 Rc5 39. Rb7+ Kf8
40. Rb8+ Kg7 41. Rdd8 Rg1+ 42. Kb2 Rg2+ 43. Kb1 Rg1+ 44. Kb2 1/2-1/2

[Event "Women's World Teams 2015"]
[Site "Chengdu CHN"]
[Date "2015.04.26"]
[Round "7.2"]
[Board "1"]
[White "Danielian, Elina"]
[Black "Abrahamyan, Tatev"]
[Result "1/2-1/2"]
[WhiteTitle "GM"]
[BlackTitle "WGM"]
[WhiteElo "2488"]
[BlackElo "2322"]
[WhiteTeam "ARMENIA"]
[BlackTeam "UNITED STATES OF AMERICA"]
[WhiteFideId "13300210"]
[BlackFideId "13301918"]
[EventDate "2015.04.19"]

1. Nf3 c5 2. c4 Nc6 3. Nc3 e5 4. e3 Nf6 5. d4 cxd4 6. exd4 e4 7. Ne5 Bb4 8. Be2
O-O 9. O-O Qa5 10. c5 d5 11. Nb5 Bxc5 12. Nxc6 bxc6 13. dxc5 cxb5 14. Bg5 Qb4
15. Bxf6 gxf6 16. Qxd5 Be6 17. a3 Qxb2 18. Qxe4 a6 19. Bd3 f5 20. Qf4 Kh8 21.
Rfe1 Rac8 22. Rac1 Qf6 23. Bf1 Rfd8 24. Re5 h6 25. c6 Qg5 26. Qxg5 hxg5 27. a4
bxa4 28. c7 Rd7 29. Rec5 Rd6 30. Ra5 Rd7 31. Rac5 Rd6 32. h3 a3 33. Bc4 Bxc4 34.
R5xc4 a2 35. R4c2 Rd7 36. Rxa2 Rdxc7 37. Rxc7 Rxc7 38. Rxa6 Kg7 39. Kh2 Rc4 40.
g3 f6 41. Kg2 Kg6 42. Ra7 1/2-1/2

[Event "Women's World Teams 2015"]
[Site "Chengdu CHN"]
[Date "2015.04.26"]
[Round "7.2"]
[Board "2"]
[White "Nemcova, Katerina"]
[Black "Mkrtchian, Lilit"]
[Result "1/2-1/2"]
[WhiteTitle "WGM"]
[BlackTitle "IM"]
[WhiteElo "2279"]
[BlackElo "2443"]
[WhiteTeam "UNITED STATES OF AMERICA"]
[BlackTeam "ARMENIA"]
[WhiteFideId "322750"]
[BlackFideId "13300601"]
[EventDate "2015.04.19"]

1. e4 d6 2. d4 Nf6 3. Nc3 e5 4. Nf3 Nbd7 5. Bc4 Be7 6. O-O O-O 7. a4 a6 8. a5
exd4 9. Nxd4 Ne5 10. Be2 c5 11. Nf5 Bxf5 12. exf5 d5 13. Bg5 d4 14. Bxf6 Bxf6
15. Ne4 Rc8 16. f4 Nc6 17. Qd2 Re8 18. Bf3 c4 19. Rfd1 c3 20. bxc3 dxc3 21. Qxd8
Rexd8 22. Nxf6+ gxf6 23. Bxc6 Rxd1+ 24. Rxd1 Rxc6 25. Rd7 Rc5 26. Rxb7 Rxa5 27.
Rc7 Rxf5 28. Rxc3 Rxf4 29. Ra3 Rc4 30. Rxa6 Rxc2 31. Rxf6 1/2-1/2

[Event "Women's World Teams 2015"]
[Site "Chengdu CHN"]
[Date "2015.04.26"]
[Round "7.2"]
[Board "3"]
[White "Galojan, Lilit"]
[Black "Foisor, Sabina-Francesca"]
[Result "1/2-1/2"]
[WhiteTitle "IM"]
[BlackTitle "WGM"]
[WhiteElo "2277"]
[BlackElo "2276"]
[WhiteTeam "ARMENIA"]
[BlackTeam "UNITED STATES OF AMERICA"]
[WhiteFideId "13301314"]
[BlackFideId "1212915"]
[EventDate "2015.04.19"]

1. d4 d5 2. c4 c6 3. Nf3 Nf6 4. e3 Bg4 5. Nc3 e6 6. h3 Bxf3 7. Qxf3 Bb4 8. Bd2
Nbd7 9. Bd3 O-O 10. a3 Ba5 11. b4 Bc7 12. cxd5 exd5 13. O-O Re8 14. b5 Nf8 15.
bxc6 bxc6 16. Qd1 Ne6 17. Qc2 Qd6 18. f4 g5 19. Ne2 a5 20. Ng3 gxf4 21. Nf5 Qd7
22. Rac1 Bd6 23. Qa4 Bf8 24. exf4 Ne4 25. Bxe4 dxe4 26. Qxc6 Red8 27. Qc3 Nxd4
28. Qg3+ Kh8 29. Nxd4 Qxd4+ 30. Rf2 f6 31. Bc3 Qb6 32. Kh2 Ra6 33. Rd2 Bxa3 34.
Rb1 Bb4 35. Bxb4 axb4 36. Rxd8+ Qxd8 37. Rxb4 Qg8 38. Qc3 Re6 39. Rc4 Qf7 40.
Rc8+ Kg7 41. Qg3+ Qg6 42. Qa3 Re8 43. Qa7+ Kh8 44. f5 Qg8 45. Rc7 e3 46. Qd4 Qg5
47. Re7 Rxe7 48. Qd8+ Qg8 49. Qxe7 Qb8+ 50. Kh1 Qb1+ 51. Kh2 Qb8+ 52. g3 Qb2+
53. Kh1 Qc1+ 54. Kg2 Qc6+ 55. Kg1 Qc1+ 56. Kg2 Qc6+ 1/2-1/2

[Event "Women's World Teams 2015"]
[Site "Chengdu CHN"]
[Date "2015.04.26"]
[Round "7.2"]
[Board "4"]
[White "Melekhina, Alisa"]
[Black "Kursova, Maria"]
[Result "1/2-1/2"]
[WhiteTitle "FM"]
[BlackTitle "WGM"]
[WhiteElo "2235"]
[BlackElo "2290"]
[WhiteTeam "UNITED STATES OF AMERICA"]
[BlackTeam "ARMENIA"]
[WhiteFideId "2022613"]
[BlackFideId "4129709"]
[EventDate "2015.04.19"]

1. e4 c5 2. Nf3 e6 3. c3 d5 4. exd5 exd5 5. d4 Nf6 6. Be3 cxd4 7. Nxd4 Be7 8.
Bd3 O-O 9. Nf5 Bxf5 10. Bxf5 Nc6 11. O-O Ne5 12. Bd4 Nc6 13. Be3 Qc7 14. Nd2
Rad8 15. Nf3 g6 16. Bc2 Ng4 17. Bd4 Nf6 18. Re1 Nxd4 19. Qxd4 Kg7 20. b4 Bd6 21.
Bb3 Qb6 22. Qxb6 axb6 23. Rad1 Rd7 24. g3 Rc8 25. Re3 Bf8 26. h3 Rdc7 27. Rdd3
Ne4 28. Bxd5 Nxc3 29. a3 Nxd5 30. Rxd5 Rc3 31. Rdd3 Rxd3 32. Rxd3 Rc7 33. Ne5
Be7 34. Kg2 Bf6 35. Nd7 Rc6 36. Nxf6 Kxf6 37. Rd7 Ke6 38. Rxb7 h5 39. h4 f6 40.
a4 Ke5 41. a5 bxa5 42. bxa5 Ra6 43. f4+ Kf5 44. Rb5+ Kg4 45. Kf2 Ra8 46. Rb6
Rxa5 47. Rxf6 Ra2+ 48. Ke3 Kxg3 49. Rxg6+ Kxh4 50. f5 Ra1 51. Kf4 Rf1+ 52. Ke5
Re1+ 53. Kd6 Kh3 54. f6 Rd1+ 55. Ke7 Re1+ 56. Kf8 h4 57. Kg7 Kh2 58. f7 Re7 59.
Kf6 Rxf7+ 60. Kxf7 h3 61. Kf6 Kh1 62. Kg5 h2 63. Kg4 Kg2 64. Kf4+ Kf1 65. Rh6
Kg2 66. Ke3 h1=Q 67. Rxh1 Kxh1 1/2-1/2

[Event "Women's World Teams 2015"]
[Site "Chengdu CHN"]
[Date "2015.04.26"]
[Round "7.3"]
[Board "1"]
[White "Ju, Wenjun"]
[Black "Muzychuk, Anna"]
[Result "1/2-1/2"]
[WhiteTitle "GM"]
[BlackTitle "GM"]
[WhiteElo "2557"]
[BlackElo "2552"]
[WhiteTeam "CHINA"]
[BlackTeam "UKRAINE"]
[WhiteFideId "8603006"]
[BlackFideId "14111330"]
[EventDate "2015.04.19"]

1. d4 d5 2. c4 c6 3. cxd5 cxd5 4. Nc3 Nf6 5. Bf4 Nc6 6. e3 Bf5 7. Qb3 Na5 8.
Qa4+ Bd7 9. Qc2 e6 10. Nf3 Bb4 11. Bd3 Nh5 12. Bg5 f6 13. Bh4 g5 14. Bg3 Rc8 15.
Nd2 Qe7 16. a3 Bxc3 17. bxc3 O-O 18. O-O Nxg3 19. hxg3 Rc7 20. e4 Rfc8 21. Rfc1
Rxc3 22. Qxc3 Rxc3 23. Rxc3 Nc6 24. exd5 exd5 25. Nb3 Kg7 26. Bb5 a6 27. Bxc6
Bxc6 28. Na5 Qe2 29. Nxc6 Qb2 30. Rac1 bxc6 31. Rxc6 Qxa3 32. Rb1 Qd3 33. Ra1
Qxd4 34. Rcxa6 Kg6 35. R6a4 Qd2 36. R4a2 Qd4 37. Ra4 Qd2 38. R4a2 Qd4 39. Re1
Qd3 40. Raa1 h5 41. Rad1 Qc4 42. Rc1 Qg4 43. Rcd1 Qc4 44. Rc1 Qg4 45. Red1 d4
46. Rd3 h4 47. gxh4 Qxh4 48. Rcd1 Qe4 49. Rxd4 Qe2 50. R4d2 Qe4 51. Ra2 g4 52.
g3 f5 53. Ra6+ Kg5 54. Rdd6 Qe1+ 55. Kg2 Qe4+ 56. Kh2 Qe8 57. Re6 Qh8+ 58. Kg2
Qh7 59. Rac6 Qg7 60. Rb6 Qh7 61. Red6 Qf7 62. Rbc6 Qe8 63. Re6 Qf7 64. Kf1 Qg7
65. Kg1 Qa1+ 66. Kg2 Qg7 67. Red6 Qf7 68. Kg1 Qg7 69. Ra6 Qf7 70. Re6 Qg7 71.
Re8 Qd7 72. Rg8+ Kh5 73. Rgg6 Qd1+ 74. Kg2 Qf3+ 75. Kg1 Qd1+ 76. Kg2 Qf3+ 77.
Kg1 Qd1+ 78. Kg2 Qf3+ 79. Kg1 Qd1+ 80. Kg2 Qf3+ 81. Kg1 Qd1+ 1/2-1/2

[Event "Women's World Teams 2015"]
[Site "Chengdu CHN"]
[Date "2015.04.26"]
[Round "7.3"]
[Board "2"]
[White "Muzychuk, Mariya"]
[Black "Tan, Zhongyi"]
[Result "1-0"]
[WhiteTitle "IM"]
[BlackTitle "WGM"]
[WhiteElo "2526"]
[BlackElo "2487"]
[WhiteTeam "UKRAINE"]
[BlackTeam "CHINA"]
[WhiteFideId "14114550"]
[BlackFideId "8603642"]
[EventDate "2015.04.19"]

1. e4 d6 2. d4 Nf6 3. Nc3 g6 4. Bg5 Bg7 5. Qd2 c6 6. Bh6 Bxh6 7. Qxh6 Qa5 8. Bd3
Na6 9. Nf3 Nb4 10. O-O Qh5 11. Qf4 Nxd3 12. cxd3 Bg4 13. Nd2 O-O 14. Rfe1 Be6
15. h3 Qa5 16. Qh6 Qh5 17. Qe3 Qa5 18. Nc4 Qa6 19. Qh6 Bxc4 20. dxc4 e5 21. dxe5
dxe5 22. Qg5 Nd7 23. Rad1 f6 24. Qh4 Rf7 25. Rd6 Kg7 26. Nd5 Qa5 27. b4 Qd8 28.
Ne3 Qe7 29. Red1 Nf8 30. c5 Re8 31. Qg4 h5 32. Qe2 Ne6 33. Qc4 Nd4 34. Nc2 Nb5
35. R6d3 Qe6 36. Qxe6 Rxe6 37. a4 Nc7 38. Rd8 a5 39. bxa5 Na6 40. f3 Nxc5 41.
Rc8 Rf8 42. Rc7+ Rf7 43. Rc8 Ree7 44. Rdd8 Kh6 45. h4 Rd7 46. Ne3 Rxd8 47. Rxd8
Nxa4 48. Nc4 Nc5 49. Nd6 Re7 50. g4 hxg4 51. fxg4 Ne6 52. Rh8+ Kg7 53. Re8 Rxe8
54. Nxe8+ Kf8 55. Nd6 Ke7 56. Nxb7 Nc7 57. Nc5 Kd6 58. h5 gxh5 59. gxh5 Ke7 60.
a6 Nb5 61. Kg2 Kf7 62. Kg3 Kg7 63. Kg4 Kh6 64. Nb7 f5+ 65. exf5 e4 66. f6 1-0

[Event "Women's World Teams 2015"]
[Site "Chengdu CHN"]
[Date "2015.04.26"]
[Round "7.3"]
[Board "3"]
[White "Lei, Tingjie"]
[Black "Ushenina, Anna"]
[Result "1-0"]
[WhiteTitle "WGM"]
[BlackTitle "GM"]
[WhiteElo "2444"]
[BlackElo "2486"]
[WhiteTeam "CHINA"]
[BlackTeam "UKRAINE"]
[WhiteFideId "8605114"]
[BlackFideId "14110911"]
[EventDate "2015.04.19"]

1. d4 Nf6 2. c4 e6 3. g3 d5 4. Nf3 Be7 5. Bg2 O-O 6. Qc2 c5 7. O-O cxd4 8. Nxd4
Qb6 9. Rd1 Nc6 10. Nxc6 Qxc6 11. a4 Bd7 12. b3 Qc8 13. Ba3 Bxa3 14. Nxa3 Bc6 15.
Rac1 a6 16. cxd5 exd5 17. Qd3 Qd8 18. Nc2 Qa5 19. Ne3 Rad8 20. Qd4 Rfe8 21. Bf3
Ne4 22. b4 Qxa4 23. Bxe4 dxe4 24. Qxd8 Rxd8 25. Rxd8+ Be8 26. Rcc8 h5 27. Rxe8+
Kh7 28. Rxe4 a5 29. Kg2 Qd7 30. Rc5 a4 31. Rxh5+ Kg6 32. Rd5 Qc7 33. Rc5 Qd7 34.
b5 a3 35. Ra4 Qd2 36. Rxa3 Qxe2 37. Ra4 f6 38. Rg4+ Kh7 39. Rc7 Qxb5 40. Rgxg7+
Kh8 41. Rgd7 1-0

[Event "Women's World Teams 2015"]
[Site "Chengdu CHN"]
[Date "2015.04.26"]
[Round "7.3"]
[Board "4"]
[White "Zhukova, Natalia"]
[Black "Ding, Yixin"]
[Result "1/2-1/2"]
[WhiteTitle "GM"]
[BlackTitle "WGM"]
[WhiteElo "2471"]
[BlackElo "2434"]
[WhiteTeam "UKRAINE"]
[BlackTeam "CHINA"]
[WhiteFideId "14101513"]
[BlackFideId "8602972"]
[EventDate "2015.04.19"]

1. Nf3 Nf6 2. c4 g6 3. Nc3 Bg7 4. e4 c5 5. d4 cxd4 6. Nxd4 Nc6 7. Be3 d6 8. Be2
O-O 9. O-O Nxd4 10. Bxd4 Bd7 11. b4 Rc8 12. Qd3 a6 13. Rac1 Be6 14. Nd5 Nxd5 15.
exd5 Bf5 16. Qd2 Bxd4 17. Qxd4 Rc7 18. h4 e5 19. dxe6 Bxe6 20. h5 Qg5 21. f4 Qh4
22. Rc3 Rfc8 23. Re3 Bxc4 24. hxg6 fxg6 25. Bxc4+ Rxc4 26. Qxd6 Rc1 27. Qe6+ Kh8
28. Qe5+ Kg8 29. Qe6+ Kh8 30. Ree1 R1c6 31. Qd7 Qd8 32. Re7 Qxd7 33. Rxd7 R8c7
34. Rfd1 b6 35. Rxc7 Rxc7 36. Rd6 Rc2 37. Rxb6 Rxa2 38. Kh2 a5 39. b5 a4 40. Ra6
Rb2 41. b6 a3 42. Rxa3 Rxb6 43. Ra7 Rb5 44. Kh3 g5 45. g3 gxf4 46. gxf4 h5 47.
Kg3 Kg8 48. Kf3 h4 49. Kg4 h3 50. Kxh3 Kf8 51. Kg4 Rc5 52. f5 Rc4+ 53. Kg5 Rc6
54. f6 Rc1 55. Kf5 1/2-1/2

[Event "Women's World Teams 2015"]
[Site "Chengdu CHN"]
[Date "2015.04.26"]
[Round "7.4"]
[Board "1"]
[White "Gunina, Valentina"]
[Black "Abdumalik, Zhansaya"]
[Result "1-0"]
[WhiteTitle "GM"]
[BlackTitle "WGM"]
[WhiteElo "2528"]
[BlackElo "2379"]
[WhiteTeam "RUSSIA"]
[BlackTeam "KAZAKHSTAN"]
[WhiteFideId "4167570"]
[BlackFideId "13703544"]
[EventDate "2015.04.19"]

1. d4 Nf6 2. c4 g6 3. Nc3 d5 4. Qb3 dxc4 5. Qxc4 Be6 6. Qb5+ Bd7 7. Qb3 Bg7 8.
e4 c5 9. dxc5 O-O 10. Nf3 Qa5 11. Bd3 Na6 12. Bxa6 Qxa6 13. Bg5 Be6 14. Qb4 Rac8
15. Nd4 Bc4 16. Rd1 Rfd8 17. b3 Bd3 18. Nf3 Qe6 19. Be3 Qg4 20. Rxd3 Qxg2 21.
Qxb7 Qxh1+ 22. Ke2 Re8 23. e5 Ng4 24. Nd5 Rb8 25. Nxe7+ Kf8 26. Qc7 Qa1 27. Ng5
Bxe5 28. Nxg6+ 1-0

[Event "Women's World Teams 2015"]
[Site "Chengdu CHN"]
[Date "2015.04.26"]
[Round "7.4"]
[Board "3"]
[White "Goryachkina, Aleksandra"]
[Black "Dauletova, Gulmira"]
[Result "1/2-1/2"]
[WhiteTitle "WGM"]
[BlackTitle "WIM"]
[WhiteElo "2456"]
[BlackElo "2201"]
[WhiteTeam "RUSSIA"]
[BlackTeam "KAZAKHSTAN"]
[WhiteFideId "4147103"]
[BlackFideId "13702971"]
[EventDate "2015.04.19"]

1. d4 Nf6 2. c4 e6 3. Nf3 d5 4. Nc3 dxc4 5. e3 a6 6. Bxc4 b5 7. Be2 Bb7 8. O-O
Nbd7 9. a4 b4 10. Nb1 c5 11. Nbd2 Be7 12. a5 O-O 13. Nc4 Qc7 14. Bd2 Bd5 15.
Nfe5 cxd4 16. exd4 Nxe5 17. Nxe5 Qb7 18. f3 Rfd8 19. Rc1 Bd6 20. Bg5 Bxe5 21.
dxe5 Bxf3 22. Qe1 Bxe2 23. Qxe2 Rd5 24. Rxf6 gxf6 25. Bxf6 Qa7+ 26. Kh1 Qd4 27.
h3 h6 28. Rf1 Qd3 29. Qg4+ Qg6 30. Qxb4 Kh7 31. Rf4 Rg8 32. Rg4 Qb1+ 33. Kh2
Rxg4 34. Qxg4 Qg6 35. Qb4 Rd3 36. Qe1 Rb3 37. Qf2 Rb5 38. Qd2 Rd5 39. Qb4 Rd3
40. Qe1 Rd4 41. Qf2 Rc4 42. b3 Rb4 43. Qf3 Qe4 44. Qh5 Rb7 45. Bh4 Qf5 46. Qd1
Qxe5+ 47. Bg3 Qxa5 48. Qc2+ Qf5 49. Qc3 a5 50. Bd6 Rb5 51. Qc4 Rd5 52. Bg3 Qg6
53. Bf4 Qd3 54. Qc7 Rf5 55. Be5 Qxb3 56. Bc3 Qa4 57. Qc8 Qf4+ 58. Kh1 e5 59.
Bxa5 e4 60. Bc3 Qf1+ 61. Kh2 Qf4+ 62. Kh1 Rf6 63. Bxf6 Qxf6 64. Qc4 Qf4 65. Kg1
Kg7 66. Qc3+ Kh7 67. Qc4 Qf5 68. Qd4 h5 69. Qe3 h4 70. Qd4 Qf4 71. Qc4 Qe3+ 72.
Kf1 Kg7 73. Qc2 Kg6 74. Qc6+ Kg7 75. Qc2 Kh7 76. Qc4 Kg7 1/2-1/2

[Event "Women's World Teams 2015"]
[Site "Chengdu CHN"]
[Date "2015.04.26"]
[Round "7.4"]
[Board "4"]
[White "Davletbayeva, Madina"]
[Black "Girya, Olga"]
[Result "1/2-1/2"]
[WhiteTitle "WIM"]
[BlackTitle "WGM"]
[WhiteElo "2231"]
[BlackElo "2459"]
[WhiteTeam "KAZAKHSTAN"]
[BlackTeam "RUSSIA"]
[WhiteFideId "13703595"]
[BlackFideId "4195752"]
[EventDate "2015.04.19"]

1. e4 e5 2. Nf3 Nc6 3. Bb5 Nf6 4. O-O Nxe4 5. d4 Nd6 6. dxe5 Nxb5 7. a4 Nbd4 8.
Nxd4 Nxd4 9. Qxd4 d5 10. exd6 Qxd6 11. Qe4+ Qe6 12. Qd4 Qd6 13. Qe4+ Qe6 14. Qd4
Qb6 15. Qe5+ Be6 16. Nc3 Bd6 17. Qxg7 O-O-O 18. Be3 Qb4 19. Nb5 Rhg8 20. Nxd6+
Qxd6 21. Qh6 Rg6 22. Qh4 Rdg8 23. g3 Rg4 24. Qh6 Qe5 25. Rad1 Qf5 26. Rd4 Rxd4
27. Bxd4 Bc4 28. Re1 Bd5 29. Qf6 Qh3 30. f3 b6 31. Re5 Be6 32. Qf4 Rd8 33. b4
Kb7 34. c3 Bc4 35. Qe4+ Rd5 36. Qe1 Rxe5 37. Bxe5 Qe6 38. Kf2 Bd5 39. g4 Qc6 40.
Qd1 Qc4 41. Qd4 Qxd4+ 42. Bxd4 a5 43. bxa5 bxa5 44. Ke3 Bb3 45. f4 Bxa4 46. Bc5
Kc6 47. Kd4 Bd1 48. g5 Be2 49. c4 Bg4 50. Ba3 Kd7 51. Ke5 Be2 52. Kd5 Bf3+ 53.
Ke5 Be2 54. Kd5 Bg4 55. Ke5 Be6 56. Kd4 Bf5 57. Ke5 Bd3 58. Kd4 Bc2 59. Kd5 a4
60. Ke5 Bb3 61. Kd5 c6+ 62. Kc5 Bc2 63. Bb2 Bd3 64. Bc1 Be2 65. Bb2 Bf3 66. Kb4
Bd1 67. Kc5 Bc2 68. Bc1 Bb3 69. Bb2 Bc2 70. Bc1 Bd1 71. Bb2 Bf3 72. Kb4 Bd1 73.
Kc5 Be2 74. Bc1 Bf1 75. Bb2 Ke6 76. Kxc6 Bxc4 77. Kc5 Bb3 78. Kb4 Kf5 79. Bc1
Kg4 80. Ka3 Kh3 81. f5 Kxh2 82. f6 Kg3 83. Bd2 Kg4 84. Bc1 Kf5 85. Bd2 Bd1 86.
Bc1 Kg6 1/2-1/2

[Event "Women's World Teams 2015"]
[Site "Chengdu CHN"]
[Date "2015.04.26"]
[Round "7.5"]
[Board "1"]
[White "Moaataz, Ayah"]
[Black "Socko, Monika"]
[Result "0-1"]
[WhiteTitle "WIM"]
[BlackTitle "GM"]
[WhiteElo "2022"]
[BlackElo "2463"]
[WhiteTeam "EGYPT"]
[BlackTeam "POLAND"]
[WhiteFideId "10615873"]
[BlackFideId "1106619"]
[EventDate "2015.04.19"]

1. c4 Nf6 2. g3 g6 3. Bg2 Bg7 4. Nf3 d6 5. d4 O-O 6. O-O a6 7. Nc3 Nc6 8. b3 Rb8
9. e4 Bg4 10. Qd3 Nd7 11. Be3 Bxf3 12. Bxf3 Nde5 13. Qe2 Nxd4 14. Bxd4 Nxf3+ 15.
Qxf3 Bxd4 16. Rad1 Bg7 17. Rfe1 c6 18. e5 Qa5 19. c5 dxe5 20. Na4 Rbd8 21. h4
Rd4 22. Kg2 Rfd8 23. Rxd4 Rxd4 24. Rd1 Qd8 25. Re1 f5 26. Nb6 e4 27. Qe2 Rd3 28.
h5 Qd4 29. hxg6 hxg6 30. Rc1 Rd2 31. Qc4+ Kf8 32. Rf1 Qxc4 33. Nxc4 Rxa2 34. Rd1
Ke8 35. b4 Bc3 36. Na5 e3 0-1

[Event "Women's World Teams 2015"]
[Site "Chengdu CHN"]
[Date "2015.04.26"]
[Round "7.5"]
[Board "2"]
[White "Szczepkowska-Horowska, Karina"]
[Black "Wafa, Shahenda"]
[Result "1-0"]
[WhiteTitle "WGM"]
[BlackTitle "WIM"]
[WhiteElo "2414"]
[BlackElo "2123"]
[WhiteTeam "POLAND"]
[BlackTeam "EGYPT"]
[WhiteFideId "1122681"]
[BlackFideId "10609962"]
[EventDate "2015.04.19"]

1. e4 c5 2. Nc3 Nc6 3. Bb5 g6 4. Bxc6 dxc6 5. d3 e5 6. Be3 Nf6 7. h3 Nd7 8. Qd2
Bg7 9. Bh6 O-O 10. Nge2 Nb6 11. b3 Qe7 12. O-O Rd8 13. Bxg7 Kxg7 14. Qe3 Rf8 15.
f4 exf4 16. Nxf4 Qe5 17. Nce2 Bd7 18. Qg3 Rae8 19. Rae1 Kg8 20. Kh1 Qg7 21. Ng1
f5 22. Nf3 fxe4 23. dxe4 c4 24. bxc4 Nxc4 25. Nd3 Re7 26. Qh4 Rfe8 27. e5 Be6
28. Nf2 Nb6 29. Ne4 Kh8 30. Nfg5 Bg8 31. Nd6 Rf8 32. e6 Rxe6 33. Nxe6 Rxf1+ 34.
Rxf1 Bxe6 35. Qd8+ 1-0